00384 a2200109 4500001000900000005001700009008004100026245009900067100002000166773007100186999001700257ART_557420260410161827.0260409a 10aFuentes de crecimiento de la agricultura argentina y perspectivas para la década del noventa1 aPenna, Julio A.0 tEstudios Económicosg- Vol. 4, Nº 7/8 (ene./dic. 1986)wREV5080 c22916d22916